Statistics for Largest Counties in England

Click here to take the quiz!

General Stats

  • This quiz has been taken 16 times
    (8 since last reset)
  • The average score is 15 of 20

Answer Stats

Area (square miles)County% Correct
1,443Kent
100%
1,187Lancashire
100%
2,080Norfolk
100%
1,936Northumberland
100%
1,468Suffolk
100%
2,613Cumbria
88%
2,590Devon
88%
3,341North Yorkshire
88%
1,310Cambridgeshire
75%
1,375Cornwall
75%
1,220Gloucestershire
75%
1,455Hampshire
75%
2,693Lincolnshire
75%
1,347Shropshire
75%
1,610Somerset
75%
1,420Essex
63%
1,024Dorset
50%
1,033Durham
50%
1,346Wiltshire
50%
1,048Staffordshire
38%

Score Distribution

Percentile by Number Answered

Percent of People with Each Score

Your Score History

You have not taken this quiz since the last reset